[Event "XV MIEDZYNARODOWY FESTIWAL SZACHOWY PERLA BALTYKU - GRUPA A"]
[Site "LAZY"]
[Date "1899-12-30"]
[Round "5.5"]
[White "Sobczynski, Roman"]
[Black "Hasinski, Krystian"]
[Result "1/2-1/2"]
[WhiteTitle "I+"]
[BlackTitle "I++"]
[WhiteElo "1849"]
[BlackElo "1836"]

1. e4 c6 2. d4 d5 3. exd5 cxd5 4. Bd3 Nc6 5. c3 Nf6 6. h3 g6 7. Nf3 Bg7 8. O-O
O-O 9. Re1 Re8 10. Bf4 a6 11. Nbd2 b5 12. a3 Na5 13. Ne5 Nc4 14. Rb1 Qb6 15. Nb3
Nd6 16. Nc5 Bf5 17. Bxf5 Nxf5 18. Bg5 h6 19. Bxf6 exf6 20. Ned3 Rxe1+ 21. Qxe1
a5 22. Qe2 Bf8 23. Qf3 Qc6 24. Nf4 Rd8 25. Nb3 Qa8 26. Nd3 Kg7 27. Nf4 b4 28.
Nh5+ gxh5 29. Qxf5 bxc3 30. bxc3 a4 31. Nc5 Qc6 32. Qxh5 Bxc5 33. dxc5 Qxc5 34.
Rb4 f5 35. Qf3 d4 36. cxd4 Rxd4 37. Qg3+ Kh7 38. Rb8 1/2-1/2

[Event "XV MIEDZYNARODOWY FESTIWAL SZACHOWY PERLA BALTYKU - GRUPA A"]
[Site "LAZY"]
[Date "1899-12-30"]
[Round "5.6"]
[White "Gorkiewicz, Mateusz"]
[Black "Karpus, Michal"]
[Result "1/2-1/2"]
[WhiteTitle "I"]
[BlackTitle "FM"]
[WhiteElo "1985"]
[BlackElo "2312"]

1. e4 e5 2. Nf3 Nc6 3. Nc3 Nf6 4. d4 exd4 5. Nxd4 Bb4 6. Nxc6 bxc6 7. Bd3 d5 8.
exd5 cxd5 9. O-O O-O 10. Bg5 c6 11. Qf3 Be7 12. Rae1 Rb8 13. Nd1 Bg4 14. Qe3 Rb7
15. f3 Bh5 16. Qf2 Bg6 17. Bxg6 hxg6 18. b3 Qa5 19. a4 Bc5 20. Be3 Bb4 21. Re2
Re8 22. Bd4 Rxe2 23. Qxe2 Re7 24. Qd3 Qc7 25. g3 Re6 26. Ne3 Qe7 27. Kf2 Nd7 28.
c3 Bd6 29. c4 Ne5 30. Qc3 Bb4 31. Qc2 Qf6 32. Qd1 Qd8 33. cxd5 cxd5 34. Bxa7 Nc6
35. Bd4 Qa5 36. Nc2 Bc3 37. Kg2 Re8 38. Qd3 Nxd4 39. Nxd4 Bxd4 40. Qxd4 Rb8 41.
Rb1 Rb4 1/2-1/2

[Event "XV MIEDZYNARODOWY FESTIWAL SZACHOWY PERLA BALTYKU - GRUPA A"]
[Site "LAZY"]
[Date "1899-12-30"]
[Round "5.7"]
[White "Jaroch, Karol"]
[Black "Babiarz, Arkadiusz"]
[Result "1-0"]
[WhiteTitle "m"]
[BlackTitle "I++"]
[WhiteElo "2242"]
[BlackElo "1833"]

1. c4 c5 2. g3 e6 3. Bg2 Nf6 4. Nf3 Nc6 5. O-O d5 6. cxd5 exd5 7. d4 Be7 8. Nc3
O-O 9. Bg5 Be6 10. dxc5 Bxc5 11. Rc1 Be7 12. Nd4 Nxd4 13. Qxd4 h6 14. Bf4 Qa5
15. Rfd1 Rfd8 16. Bd2 Qa6 17. Bf1 Qc4 18. Qxc4 dxc4 19. Bg2 Rac8 20. Bf4 b6 21.
Bb7 Rxd1+ 22. Rxd1 Rd8 23. Rxd8+ Bxd8 24. Bd6 Ne8 25. Bb8 a5 26. Nb5 Bf6 27. Bc6
Kf8 28. Nc3 Ke7 29. Kf1 Bxc3 30. bxc3 Bd7 31. Bf3 Nd6 32. Bc7 Nb5 33. Bxb6 Nxc3
34. a3 a4 35. Ke1 g6 36. Kd2 Nb5 37. Bc5+ Ke6 38. e3 Ke5 39. Bb4 g5 40. Bd1 Nd6
41. f4+ gxf4 42. exf4+ Ke6 43. Bxd6 Kxd6 44. Kc3 Kc5 45. g4 f5 46. gxf5 Bxf5 47.
Bxa4 Kd5 48. Bc2 Bd7 49. Bg6 Bb5 50. Kb4 Ba6 51. Kc3 Bb5 52. h4 Ba6 53. a4 h5
54. Bxh5 Ke4 55. Be2 Kxf4 56. Bxc4 Bb7 57. Be2 Ke3 58. h5 Kxe2 59. h6 Be4 60.
a5 1-0

[Event "XV MIEDZYNARODOWY FESTIWAL SZACHOWY PERLA BALTYKU - GRUPA A"]
[Site "LAZY"]
[Date "1899-12-30"]
[Round "5.8"]
[White "Straszewski, Tomasz"]
[Black "Luczak, Filip"]
[Result "0-1"]
[WhiteTitle "I"]
[BlackTitle "CM"]
[WhiteElo "1674"]
[BlackElo "2114"]

1. d4 Nf6 2. Nf3 g6 3. c4 Bg7 4. Nc3 d6 5. Bf4 O-O 6. e3 Nbd7 7. Bd3 Re8 8. O-O
e5 9. dxe5 dxe5 10. Bg5 h6 11. Bxf6 Nxf6 12. Qc2 Qe7 13. Nd2 c6 14. Rfe1 Be6 15.
f4 exf4 16. exf4 Ng4 17. Nb3 Qd6 18. g3 Bd4+ 19. Kh1 Nf2+ 20. Kg2 Bh3+ 21. Kf3
Bg4+ 22. Kg2 Rxe1 23. Rxe1 Bxc3 24. Qxc3 Nxd3 0-1

[Event "XV MIEDZYNARODOWY FESTIWAL SZACHOWY PERLA BALTYKU - GRUPA A"]
[Site "LAZY"]
[Date "1899-12-30"]
[Round "5.9"]
[White "Betkowski, Andrzej"]
[Black "Puksza, Andrzej"]
[Result "1-0"]
[WhiteTitle "k"]
[BlackTitle "I"]
[WhiteElo "2038"]
[BlackElo "1973"]

1. e4 e6 2. d4 d5 3. Nc3 Bb4 4. Nge2 dxe4 5. a3 Be7 6. Nxe4 Nd7 7. Qd3 Ngf6 8.
Nxf6+ Bxf6 9. Be3 O-O 10. O-O-O b6 11. g4 Bb7 12. Rg1 g6 13. g5 Bh8 14. h4 c5
15. h5 cxd4 16. hxg6 fxg6 17. Bxd4 Nc5 18. Qe3 Rf3 19. Bxc5 Qc8 20. Qd2 Qxc5 21.
Nd4 Bxd4 22. Qxd4 Qxd4 23. Rxd4 Rxf2 24. Bc4 Bd5 25. Rxd5 exd5 26. Bxd5+ Kg7 27.
Bxa8 h6 28. gxh6+ Kxh6 29. Be4 Rf6 30. c4 Re6 31. Bd3 a5 32. Kc2 g5 33. Rh1+ Kg7
34. Rh7+ Kg8 35. Rh5 Re5 36. Rh6 1-0

[Event "XV MIEDZYNARODOWY FESTIWAL SZACHOWY PERLA BALTYKU - GRUPA A"]
[Site "LAZY"]
[Date "1899-12-30"]
[Round "5.10"]
[White "Sypien, Natan"]
[Black "Majocha, Piotr"]
[Result "1/2-1/2"]
[WhiteTitle "I"]
[BlackTitle "I++"]
[WhiteElo "1769"]
[BlackElo "2005"]

1. e4 e6 2. d4 d5 3. exd5 exd5 4. Bd3 Bd6 5. Ne2 Ne7 6. O-O O-O 7. Bf4 Bf5 8. c3
c6 9. Bxd6 Qxd6 10. Ng3 Bg6 11. Re1 Nd7 12. Bxg6 hxg6 13. Nd2 Rfe8 14. Nf3 Nf5
15. Nxf5 gxf5 16. Qd3 g6 17. Re3 Re4 18. Rae1 Rae8 19. Nd2 Rxe3 20. Rxe3 Rxe3
21. Qxe3 Qe6 1/2-1/2

[Event "XV MIEDZYNARODOWY FESTIWAL SZACHOWY PERLA BALTYKU - GRUPA A"]
[Site "LAZY"]
[Date "1899-12-30"]
[Round "5.11"]
[White "Krainski, Aleksander"]
[Black "Starosta, Martyna"]
[Result "1-0"]
[WhiteTitle "FM"]
[BlackTitle "WCM"]
[WhiteElo "2117"]
[BlackElo "1841"]

1. Nf3 Nf6 2. d4 g6 3. Bg5 Bg7 4. Nbd2 d5 5. e3 c5 6. dxc5 Qa5 7. c3 Qxc5 8. Nb3
Qd6 9. Bb5+ Bd7 10. Bf4 Qb6 11. Be2 Ba4 12. Qd4 Qxd4 13. cxd4 Nbd7 14. Rc1 Nh5
15. Bg5 h6 16. Bh4 g5 17. Nfd2 Nhf6 18. Bg3 O-O 19. Na5 Rac8 20. O-O Bc6 21. Nxc6
bxc6 22. Ba6 Rb8 23. Bxb8 Rxb8 24. b3 Rb6 25. Bc8 e5 26. Nf3 e4 27. Ne5 Nb8 28.
Rc2 Bf8 29. Rfc1 Ba3 30. Rb1 a5 31. f3 Bd6 32. Bf5 exf3 33. gxf3 Kf8 34. Rbc1
Ba3 35. Rd1 Bd6 36. Nd3 Ba3 37. Kg2 Ke7 38. h4 Ne8 39. hxg5 hxg5 40. Nc5 Nd6 41.
Bd3 Nd7 42. Na4 Rb7 43. Rxc6 Ne8 44. Kf2 Ng7 45. Rg1 Ne6 46. Bf5 Ndf8 47. Nb6
Ra7 48. Nc8+ 1-0

[Event "XV MIEDZYNARODOWY FESTIWAL SZACHOWY PERLA BALTYKU - GRUPA A"]
[Site "LAZY"]
[Date "1899-12-30"]
[Round "5.12"]
[White "Sokolowski, Ryszard"]
[Black "Zabron, Maksym"]
[Result "0-1"]
[WhiteTitle "k"]
[BlackTitle "I"]
[WhiteElo "2064"]
[BlackElo "1797"]

1. d4 Nf6 2. c4 g6 3. Nc3 Bg7 4. e4 d6 5. f3 O-O 6. Be3 Nc6 7. Qd2 e5 8. Nge2 exd4
9. Nxd4 Nxd4 10. Bxd4 Be6 11. O-O-O a6 12. h4 b5 13. h5 Bxc4 14. hxg6 fxg6 15.
Bxc4+ bxc4 16. g4 Qe7 17. Qh2 Bh8 18. Kb1 Rab8 19. Qe2 Qf7 20. Rh2 Nd7 21. Bxh8
Kxh8 22. Rdh1 Ne5 23. Qe3 Rg8 24. g5 Rg7 25. Nd5 Nd7 26. Qd4 Kg8 27. Nf6+ Kf8
28. Rxh7 Nxf6 29. Rxg7 Qxg7 30. gxf6 Qg8 31. e5 Rb6 32. a4 a5 33. f4 Ke8 34. Qe3
Qe6 35. Rh8+ Kd7 36. Rh7+ Kc6 37. Qe4+ d5 38. Qc2 Rb8 39. Re7 Qg4 40. f7 Rh8 41.
Ka2 Rf8 42. e6 Rh8 43. Qd2 Qf3 44. Qc3 Qd1 45. f8=Q Qxa4+ 46. Qa3 Qxa3+ 47. Kxa3
Rxf8 48. Rf7 Re8 49. Rf6 Kd6 50. Rxg6 Rxe6 51. Rg5 Rf6 0-1

[Event "XV MIEDZYNARODOWY FESTIWAL SZACHOWY PERLA BALTYKU - GRUPA A"]
[Site "LAZY"]
[Date "1899-12-30"]
[Round "5.13"]
[White "Kostecka, Marika"]
[Black "Szydelko, Kazimierz"]
[Result "1-0"]
[WhiteTitle "WCM"]
[BlackTitle "I"]
[WhiteElo "1924"]
[BlackElo "1699"]

1. e4 c5 2. Nf3 d6 3. d4 cxd4 4. Nxd4 Nf6 5. Nc3 e6 6. f3 a6 7. Be3 Qc7 8. g4 b5
9. Qd2 Bb7 10. O-O-O Be7 11. g5 Nfd7 12. a3 Nc6 13. Nxc6 Qxc6 14. h4 Ne5 15. Qg2
Nc4 16. Bxc4 Qxc4 17. g6 e5 18. Kb1 O-O-O 19. gxf7 Qxf7 20. Nd5 Bxd5 21. Rxd5
Rhf8 22. Rh3 Rd7 23. Qd2 Qe6 24. Rh1 Rxf3 25. Qa5 Rxe3 26. Qxa6+ Rb7 27. Rxb5
Qc4 28. Qa8+ Kd7 29. Rxb7+ 1-0

[Event "XV MIEDZYNARODOWY FESTIWAL SZACHOWY PERLA BALTYKU - GRUPA A"]
[Site "LAZY"]
[Date "1899-12-30"]
[Round "5.14"]
[White "Morczynski, Joachim"]
[Black "Ulrych, Wojciech"]
[Result "0-1"]
[WhiteTitle "III"]
[BlackTitle "I++"]
[WhiteElo "1733"]
[BlackElo "1870"]

1. e4 c5 2. Nf3 e6 3. d4 cxd4 4. Nxd4 Nc6 5. Nc3 Qc7 6. Qd3 Nf6 7. Ndb5 Qb8 8.
Qg3 d6 9. Be3 a6 10. Nd4 e5 11. Nf3 b5 12. Bd3 Be6 13. Nd2 g6 14. Ne2 Nh5 15.
Qf3 Qc8 16. h3 Nb4 17. O-O Qd8 18. g4 Ng7 19. Qg3 h5 20. f4 hxg4 21. hxg4 Nxd3
22. cxd3 Qh4 23. Qxh4 Rxh4 24. g5 Rc8 25. Rac1 Rxc1 26. Rxc1 Rh3 27. Nf1 Kd7 28.
Kg2 Rh4 29. Nfg3 Be7 30. b3 Bh3+ 31. Kf2 Bg4 32. Rh1 Rxh1 33. Nxh1 Ne6 34. Nhg3
exf4 35. Nxf4 Nxg5 36. Nd5 Bd8 37. Nb4 a5 38. Nd5 Be6 39. Nc3 Kc6 40. Nge2 b4
41. Nd4+ Kd7 42. Nxe6 fxe6 43. Na4 Kc6 44. Nb2 d5 45. exd5+ exd5 46. Kg3 Ne6 47.
Kg4 Nc5 48. Bd4 Ne6 49. Be5 Bb6 50. Bf6 Be3 51. Nd1 Bd2 52. Bh4 Nc5 53. d4 Ne6
54. Bf6 Bc3 0-1

[Event "XV MIEDZYNARODOWY FESTIWAL SZACHOWY PERLA BALTYKU - GRUPA A"]
[Site "LAZY"]
[Date "1899-12-30"]
[Round "5.15"]
[White "Szydelko, Michal"]
[Black "Kutowski, Marcel"]
[Result "0-1"]
[WhiteTitle "I"]
[BlackTitle "I"]
[WhiteElo "1843"]
[BlackElo "1659"]

1. e4 c6 2. d4 d5 3. Nc3 dxe4 4. Nxe4 Bf5 5. Ng3 Bg6 6. h4 h6 7. Nf3 Nd7 8. h5
Bh7 9. Bd3 Bxd3 10. Qxd3 e6 11. Bd2 Ngf6 12. O-O-O Be7 13. Kb1 O-O 14. c4 c5 15.
Bc3 Qc7 16. Rhe1 Rfd8 17. Qe2 cxd4 18. Nxd4 Bf8 19. b3 a6 20. Bb2 Bb4 21. Rg1
Qa5 22. Ne4 Qxh5 23. Nxf6+ Nxf6 24. g4 Qg6+ 25. Ka1 Ne4 26. Qc2 Qh7 27. f4 Nc3
28. Rd3 Rxd4 29. Rxc3 Bxc3 30. Qxc3 Rd3 31. Qc1 Rad8 32. f5 f6 33. Qc2 exf5 34.
Qe2 f4 35. Qe6+ Kh8 36. Ba3 Rd1+ 37. Rxd1 Rxd1+ 38. Kb2 Qb1+ 39. Kc3 Qd3+ 40.
Kb4 Qd6+ 41. Qxd6 Rxd6 0-1

[Event "XV MIEDZYNARODOWY FESTIWAL SZACHOWY PERLA BALTYKU - GRUPA A"]
[Site "LAZY"]
[Date "1899-12-30"]
[Round "5.16"]
[White "Cyra, Dariusz"]
[Black "Jankowski, Igor"]
[Result "1-0"]
[WhiteTitle "I"]
[BlackTitle "II+"]
[WhiteElo "1791"]
[BlackElo "1662"]

1. d4 e6 2. Nf3 f5 3. Bf4 Nf6 4. e3 c6 5. c4 d5 6. Nc3 Be7 7. Be2 O-O 8. O-O Nbd7
9. Ne5 Ne4 10. Nxe4 fxe4 11. f3 Nf6 12. fxe4 Nxe4 13. Bd3 Nf6 14. c5 Bd7 15. Qf3
Ne4 16. Bxe4 dxe4 17. Qxe4 Be8 18. Rf3 Rf6 19. Rg3 Rf5 20. Ng4 Bg6 21. Qxe6+ Kh8
22. Ne5 Rf6 23. Nxg6+ Rxg6 24. Rxg6 hxg6 25. Rf1 Bh4 26. Be5 Qg5 27. Qh3 Kg8 28.
Rf4 Be1 29. Kf1 Bd2 30. Qe6+ Kh7 31. g3 1-0

[Event "XV MIEDZYNARODOWY FESTIWAL SZACHOWY PERLA BALTYKU - GRUPA A"]
[Site "LAZY"]
[Date "1899-12-30"]
[Round "5.17"]
[White "Majewski, Krzysztof"]
[Black "Rogala, Milosz"]
[Result "1/2-1/2"]
[WhiteTitle "II+"]
[BlackTitle "II"]
[WhiteElo "1727"]
[BlackElo "1791"]

1. e4 e5 2. Nf3 Nf6 3. Nxe5 d6 4. Nf3 Nxe4 5. d4 d5 6. Be2 Bd6 7. O-O O-O 8. Be3
c6 9. Nbd2 Bf5 10. Bd3 Re8 11. Re1 h6 12. Bf1 Nd7 13. g3 Ndf6 14. Bg2 1/2-1/2

[Event "XV MIEDZYNARODOWY FESTIWAL SZACHOWY PERLA BALTYKU - GRUPA A"]
[Site "LAZY"]
[Date "1899-12-30"]
[Round "5.18"]
[White "Siekanska, Zuzanna"]
[Black "Kruczynski, Marek"]
[Result "1-0"]
[WhiteTitle "I"]
[BlackTitle "I"]
[WhiteElo "1582"]
[BlackElo "1744"]

1. d4 Nf6 2. c4 b6 3. Nc3 Bb7 4. e3 e6 5. f3 d5 6. cxd5 exd5 7. Bd3 c6 8. Nge2
Bb4 9. O-O O-O 10. e4 h6 11. e5 Nfd7 12. Qe1 Re8 13. Qg3 Kh8 14. Nf4 Re6 15. Nxe6
fxe6 16. Ne2 Nf8 17. Nf4 Nbd7 18. Nh5 g5 19. f4 Be7 20. fxg5 Bxg5 21. h4 a5 22.
hxg5 Ba6 23. Bxa6 Rxa6 24. Nf6 Nh7 25. Nxh7 Kxh7 26. Qd3+ 1-0

[Event "XV MIEDZYNARODOWY FESTIWAL SZACHOWY PERLA BALTYKU - GRUPA A"]
[Site "LAZY"]
[Date "1899-12-30"]
[Round "5.19"]
[White "Plocica, Krzysztof"]
[Black "Sloniewski, Michal"]
[Result "0-1"]
[WhiteTitle "I"]
[BlackTitle "I"]
[WhiteElo "1656"]
[BlackElo "1744"]

1. e4 d5 2. exd5 Nf6 3. d4 Nxd5 4. Nf3 Bg4 5. Be2 Nc6 6. O-O e6 7. Be3 Be7 8. Nc3
O-O 9. Nxd5 Qxd5 10. c4 Qd6 11. Qb3 Bxf3 12. Bxf3 Nxd4 13. Bxd4 Qxd4 14. Qxb7
Rab8 15. Qxc7 Bd6 16. Qa5 Qxc4 17. b3 Qf4 18. Qh5 g6 19. Qh3 Rfc8 20. Qg3 Qd4
21. Qg4 Qe5 22. g3 Rb4 23. Qh3 Rc2 24. Qh6 Bc5 25. Rad1 Rd4 26. Rc1 Rdd2 27. Rxc2
Rxc2 28. Qf4 Qxf4 29. gxf4 Rxa2 30. Rc1 Bxf2+ 31. Kf1 Be3 32. Rc8+ Kg7 33. Be2
Bxf4 34. h3 Be3 35. b4 Bb6 36. b5 Rd2 37. h4 Rd8 38. Rc3 Rd4 39. h5 Rf4+ 40. Rf3
Rxf3+ 41. Bxf3 f5 42. hxg6 hxg6 0-1

[Event "XV MIEDZYNARODOWY FESTIWAL SZACHOWY PERLA BALTYKU - GRUPA A"]
[Site "LAZY"]
[Date "1899-12-30"]
[Round "5.20"]
[White "Pacuszka, Wioletta"]
[Black "Lambrecht, Tomasz"]
[Result "1/2-1/2"]
[WhiteTitle "I++"]
[BlackTitle "II"]
[WhiteElo "1836"]
[BlackElo "1601"]

1. e4 c6 2. d4 d5 3. exd5 cxd5 4. Bd3 Nf6 5. c3 Nc6 6. Nf3 Bg4 7. Bf4 e6 8. Nbd2
Bd6 9. Bg3 Qc7 10. Bxd6 Qxd6 11. O-O O-O 12. Re1 Rab8 13. a4 Qc7 14. h3 Bh5 15.
g4 Bg6 16. Bxg6 hxg6 17. Ng5 Qf4 18. Ngf3 Rfe8 19. Re3 b5 20. axb5 Rxb5 21. b4
Qc7 22. Qe2 Reb8 23. Ne5 Nxe5 24. dxe5 Nd7 25. h4 a5 26. Rxa5 Rxa5 27. bxa5 Qxa5
28. h5 Nf8 29. Qf3 Rb2 30. Rd3 Qa1+ 31. Kg2 Qe1 32. Qf4 gxh5 33. Rf3 f6 34. exf6
Qxd2 35. f7+ Kh8 36. Qd6 Ng6 37. f8=Q+ Nxf8 38. Qxf8+ Kh7 39. gxh5 Qg5+ 40. Rg3
Qf6 41. Qxf6 gxf6 42. Rf3 Kg7 43. h6+ Kg6 44. Rh3 Rb7 45. Re3 Re7 46. Rh3 Rh7
47. Re3 e5 48. Rd3 Rc7 49. Rxd5 Rxc3 50. Rd6 Rc7 51. Kg3 Rh7 52. Kf3 Kf5 53. Ra6
Rxh6 54. Rb6 e4+ 55. Ke2 Rh3 56. Ra6 Ke5 57. Ra5+ Kf4 58. Ra6 f5 59. Rg6 Ra3 60.
Rg8 Ra2+ 61. Ke1 Ra6 62. Ke2 Rd6 63. Rf8 Rc6 64. Rg8 Rc2+ 65. Ke1 e3 66. fxe3+
Kxe3 67. Rg3+ Kf4 68. Rb3 1/2-1/2

[Event "XV MIEDZYNARODOWY FESTIWAL SZACHOWY PERLA BALTYKU - GRUPA A"]
[Site "LAZY"]
[Date "1899-12-30"]
[Round "5.21"]
[White "Sloniewska, Alicja"]
[Black "Sowinski, Pawel"]
[Result "1-0"]
[WhiteTitle "I"]
[BlackTitle "I+"]
[WhiteElo "1531"]
[BlackElo "1644"]

1. d4 d5 2. c4 e5 3. dxe5 d4 4. Nf3 Nc6 5. g3 Bc5 6. Bg2 Nge7 7. Nbd2 Ng6 8. Nb3
Bb4+ 9. Bd2 Bxd2+ 10. Qxd2 Ngxe5 11. Nxe5 Nxe5 12. Qxd4 Qxd4 13. Nxd4 O-O 14.
b3 c6 15. O-O Bg4 16. h3 Rad8 17. Rfd1 Bd7 18. Rd2 c5 19. Nc2 Nc6 20. Rad1 Bf5
21. Ne3 Be6 22. Nd5 Kh8 23. Nf4 Rxd2 24. Rxd2 Rd8 25. Rxd8+ Nxd8 26. Nxe6 fxe6
27. f4 g6 28. Kf2 Kg7 29. Ke3 b6 30. Kd3 Kf7 31. e3 Kf6 32. Bf3 Nf7 33. Bc6 e5
34. Bd5 Nd6 35. g4 h6 36. Bc6 a5 37. h4 exf4 38. exf4 g5 39. hxg5+ hxg5 40. Ke3
Nf7 41. Bd7 gxf4+ 42. Kxf4 Ng5 43. Bf5 Nf7 44. Ke4 Ke7 45. Kd5 Nd8 46. Bc8 1-0

[Event "XV MIEDZYNARODOWY FESTIWAL SZACHOWY PERLA BALTYKU - GRUPA A"]
[Site "LAZY"]
[Date "1899-12-30"]
[Round "5.22"]
[White "Lazniewski, Tadeusz"]
[Black "Sandomierski, Cyprian"]
[Result "0-1"]
[WhiteTitle "II+"]
[BlackTitle "II+"]
[WhiteElo "1518"]
[BlackElo "1597"]

1. e4 e5 2. Nf3 Nc6 3. Bc4 Bc5 4. c3 Nf6 5. d4 exd4 6. cxd4 Bb4+ 7. Bd2 Bxd2+ 8.
Nbxd2 d5 9. exd5 Nxd5 10. Qb3 Nce7 11. O-O O-O 12. Rfe1 c6 13. Ne4 Nb6 14. Nc5
Nxc4 15. Qxc4 b6 16. Nd3 Be6 17. Qc3 Rc8 18. Nf4 Bd5 19. Qa3 Bxf3 20. Rxe7 Bg4
21. Qe3 Re8 22. Re1 Rxe7 23. Qxe7 Qxe7 24. Rxe7 a5 25. f3 Bf5 26. Ne2 Kf8 27.
Rb7 b5 28. Kf2 Re8 29. Rb6 Bd7 30. Rb7 Re7 31. Rb8+ Be8 32. Nc3 Rd7 33. Ke3 f5
34. g3 Ke7 35. Ne2 a4 36. a3 g5 37. f4 g4 38. Rc8 Rd6 39. Rc7+ Bd7 40. Kf2 Ke6
41. Ra7 Kd5 42. Ra8 Kc4 43. Rh8 Rh6 44. Rd8 Rxh2+ 45. Ke3 Be6 46. Rd6 Bd5 47.
Nc3 Rxb2 48. Nxd5 cxd5 49. Rc6+ Kb3 50. Kd3 Kxa3 51. Rc1 b4 52. Ra1+ Kb3 53. Ke3
a3 0-1

[Event "XV MIEDZYNARODOWY FESTIWAL SZACHOWY PERLA BALTYKU - GRUPA A"]
[Site "LAZY"]
[Date "1899-12-30"]
[Round "5.23"]
[White "Bochenek, Ryszard"]
[Black "Smietanska, Wiktoria"]
[Result "1/2-1/2"]
[WhiteTitle "II"]
[BlackTitle "CM"]
[WhiteElo "1358"]
[BlackElo "1595"]

1. d4 Nf6 2. c4 e6 3. Nf3 b6 4. g3 Ba6 5. b3 Be7 6. Bg2 Bb7 7. O-O O-O 8. Bb2 c5
9. e3 d6 10. Nc3 cxd4 11. Nxd4 Bxg2 12. Kxg2 Qc7 13. Qf3 Na6 14. Ncb5 Qd7 15.
Nc6 e5 16. Rfd1 e4 17. Nxe7+ Qxe7 18. Qf4 Nc5 19. Bxf6 Qxf6 20. Qxf6 gxf6 21.
Rxd6 Kg7 22. Rad1 Nd3 23. Nc3 f5 24. Rd5 Kf6 25. Ne2 Rfd8 26. Nf4 Rxd5 27. Nxd5+
Ke5 28. Nf4 Rd8 29. Kf1 Kf6 30. Nd5+ Ke5 31. Ke2 Rd6 32. Nf4 Nb4 33. a4 a5 34.
c5 Rxd1 35. Kxd1 bxc5 36. Kd2 Na6 37. Kc3 Nc7 38. Kc4 Kd6 39. Ne2 Kc6 40. Nc3
f6 41. h3 h6 42. h4 h5 43. Ne2 Ne6 44. Nf4 Ng7 45. Nd5 Ne8 46. Ne7+ Kd6 47. Nxf5+
Ke6 48. g4 hxg4 49. Ng3 f5 50. Kxc5 Ke5 51. Ne2 Nc7 52. Nf4 Ne6+ 53. Nxe6 Kxe6
54. b4 axb4 55. Kxb4 f4 56. a5 fxe3 57. fxe3 g3 58. a6 g2 59. a7 g1=Q 60. a8=Q
Qb1+ 61. Kc5 Qc1+ 62. Kb4 Qb2+ 63. Kc4 1/2-1/2

[Event "XV MIEDZYNARODOWY FESTIWAL SZACHOWY PERLA BALTYKU - GRUPA A"]
[Site "LAZY"]
[Date "1899-12-30"]
[Round "5.24"]
[White "Wojtowicz, Wojciech"]
[Black "Kusiak, Mateusz"]
[Result "1-0"]
[WhiteTitle "II"]
[BlackTitle "I"]
[WhiteElo "1683"]
[BlackElo "1514"]

1. d4 Nf6 2. c4 g6 3. Nc3 d5 4. Nf3 Bg7 5. Qb3 dxc4 6. Qxc4 O-O 7. e4 c6 8. Be2
Be6 9. Qb4 b5 10. Qc5 Na6 11. Qa3 b4 12. Qxa6 bxc3 13. Qd3 Qa5 14. O-O cxb2 15.
Bxb2 Rab8 16. Bc1 Rfd8 17. Bd2 Qb5 18. Qxb5 cxb5 19. e5 Nd5 20. Rfc1 b4 21. Rc5
f6 22. Bc4 Rbc8 23. Bxb4 Nf4 24. Bxe6+ Nxe6 25. Rxc8 Rxc8 26. Bxe7 fxe5 27. dxe5
Nf4 28. g3 Nd3 29. Bd6 Re8 30. Kg2 h6 31. Rd1 Nb2 32. Rc1 Nd3 33. Rc3 Nb2 34.
Rc7 Nd3 35. Rxa7 Nxe5 36. Bxe5 Bxe5 37. Nxe5 Rxe5 38. a4 1-0

[Event "XV MIEDZYNARODOWY FESTIWAL SZACHOWY PERLA BALTYKU - GRUPA A"]
[Site "LAZY"]
[Date "1899-12-30"]
[Round "6.1"]
[White "Cukrowski, Filip"]
[Black "Koziak, Vitali"]
[Result "1/2-1/2"]
[WhiteTitle "FM"]
[BlackTitle "IM"]
[WhiteElo "2421"]
[BlackElo "2473"]

1. e4 e5 2. Nf3 Nc6 3. Bb5 Nf6 4. O-O Nxe4 5. d4 Nd6 6. Bxc6 dxc6 7. dxe5 Nf5 8.
Qxd8+ Kxd8 9. b3 h6 10. h3 Bd7 11. Nc3 Kc8 12. Bb2 Ne7 13. Rad1 Ng6 14. Rd2 Be7
15. Ne4 Nf4 16. Ng3 c5 17. e6 Nxe6 18. Nf5 Re8 19. Ne5 Bf6 20. Rfd1 Bxe5 21. Bxe5
Nf8 22. Rxd7 Nxd7 23. Bxg7 h5 24. h4 Re4 25. f3 Re6 26. g4 hxg4 27. h5 b6 28.
h6 Nf6 29. Bxf6 Rxf6 30. fxg4 Kb7 31. Kg2 Rh8 32. Kg3 Rhxh6 33. Nxh6 Rxh6 34.
Rf1 Rh7 35. c4 Kc6 36. Rf6+ Kd7 37. Kg2 Ke7 38. Rc6 Kd7 39. Rf6 Ke7 1/2-1/2

[Event "XV MIEDZYNARODOWY FESTIWAL SZACHOWY PERLA BALTYKU - GRUPA A"]
[Site "LAZY"]
[Date "1899-12-30"]
[Round "6.2"]
[White "Grzesik, Gracjan"]
[Black "Swicarz, Maciej"]
[Result "0-1"]
[WhiteTitle "I+"]
[BlackTitle "m"]
[WhiteElo "1973"]
[BlackElo "2341"]

1. c4 e6 2. Nc3 d5 3. cxd5 exd5 4. d4 c6 5. Qc2 g6 6. g3 Bf5 7. Qb3 Qb6 8. Qxb6
axb6 9. Nf3 Nd7 10. b3 b5 11. Bb2 b4 12. Nd1 Be4 13. Bg2 Bd6 14. O-O Ne7 15. Nd2
Bxg2 16. Kxg2 O-O 17. e4 Ra6 18. e5 Bc7 19. a4 bxa3 20. Rxa3 Rfa8 21. Rxa6 Rxa6
22. f4 Ra2 23. Rf2 Nf8 24. g4 Bb6 25. Nf3 Ne6 26. Kg3 Ra6 27. b4 Ra4 28. Ne3 Rxb4
29. Ba3 Rb3 30. Bxe7 Rxe3 31. Ra2 f5 32. Kf2 Rb3 33. gxf5 gxf5 34. Ra8+ Kf7 35.
Bf6 Bxd4+ 36. Nxd4 Nxd4 37. Rh8 Ne6 38. Rxh7+ Kg6 39. Rh8 Nxf4 40. Rg8+ Kf7 41.
Rg7+ Kf8 42. h4 d4 43. Rd7 d3 44. Ke3 Nd5+ 45. Kd2 Nxf6 46. exf6 Rb4 47. Kxd3
Rxh4 48. Rxb7 Re4 49. Ra7 Re6 50. f7 Re7 51. Ra6 Rc7 52. Ke3 Kxf7 53. Kf4 Ke6
54. Rb6 Kd5 55. Kxf5 Rf7+ 56. Kg4 c5 57. Rb8 c4 58. Rc8 Kd4 59. Kg3 c3 60. Kg2
Kd3 61. Kg1 c2 62. Kg2 Kd2 63. Rd8+ Kc1 64. Rc8 Rd7 65. Kf2 Kd2 0-1

[Event "XV MIEDZYNARODOWY FESTIWAL SZACHOWY PERLA BALTYKU - GRUPA A"]
[Site "LAZY"]
[Date "1899-12-30"]
[Round "6.3"]
[White "Luczak, Filip"]
[Black "Korosciel, Aneta"]
[Result "1-0"]
[WhiteTitle "CM"]
[BlackTitle "m"]
[WhiteElo "2114"]
[BlackElo "1983"]

1. Nf3 Nf6 2. g3 e6 3. Bg2 d5 4. O-O Be7 5. d4 O-O 6. c4 dxc4 7. Ne5 Nc6 8. Bxc6
bxc6 9. Nxc6 Qe8 10. Nxe7+ Qxe7 11. Qc2 e5 12. dxe5 Qxe5 13. Bf4 Qe6 14. Nc3 Bb7
15. f3 Qb6+ 16. Rf2 Rfd8 17. Rd1 Rxd1+ 18. Nxd1 Rd8 19. Nc3 h6 20. g4 Rd7 21.
h3 Qd4 22. e3 Qc5 23. e4 Nh7 24. Kg2 Nf8 25. Rd2 Rxd2+ 26. Qxd2 Ne6 27. Be3 Qe5
28. Ne2 a6 29. Qc3 Qxc3 30. Nxc3 Kf8 31. Kf2 Ke7 32. Ne2 Kd6 33. Bd2 Bc6 34. Bb4+
Kd7 35. h4 Ba4 36. Bc3 f6 37. Nd4 Nxd4 38. Bxd4 Ke6 39. Ke2 g6 40. f4 f5 41. h5
fxg4 42. hxg6 Bc6 43. f5+ Ke7 44. f6+ Ke6 45. f7 1-0

[Event "XV MIEDZYNARODOWY FESTIWAL SZACHOWY PERLA BALTYKU - GRUPA A"]
[Site "LAZY"]
[Date "1899-12-30"]
[Round "6.4"]
[White "Jaroch, Karol"]
[Black "Luba, Lukasz"]
[Result "1-0"]
[WhiteTitle "m"]
[BlackTitle "I++"]
[WhiteElo "2242"]
[BlackElo "2177"]

1. e4 e6 2. d4 d5 3. e5 c5 4. c3 Nc6 5. Nf3 c4 6. g3 b5 7. b3 Bd7 8. Bg2 a5 9.
O-O Nge7 10. Ne1 Qb6 11. Nc2 h5 12. Bg5 Ng8 13. Nd2 a4 14. Qf3 Nge7 15. Rfb1 Qa5
16. h3 Nf5 17. bxc4 bxc4 18. Nxc4 Qc7 19. Nb6 Ra7 20. Nxd7 Kxd7 21. g4 hxg4 22.
hxg4 Be7 23. Bxe7 Nfxe7 24. Na3 Nxe5 25. dxe5 Qxe5 26. Qxf7 Rh6 27. Nb5 Qh2+ 28.
Kf1 Rf6 29. Qxg7 Qf4 30. f3 Ra8 31. Nd4 Rf7 32. Ne2 Qxf3+ 33. Bxf3 Rxg7 34. Rb7+
Kd6 35. Nd4 e5 36. Rxe7 Rxe7 37. Nf5+ Ke6 38. Nxe7 e4 39. Nxd5 Rf8 40. Ne3 Ke5
41. Ke2 exf3+ 42. Kf2 Rc8 43. c4 Ke4 44. Rc1 Rh8 45. Nf1 Rb8 46. Nd2+ Kd3 47.
Nxf3 Rb2+ 48. Kg3 Rxa2 49. c5 Rb2 50. c6 Rb8 51. Ne5+ Kd4 52. Nd7 Rc8 53. c7 a3
54. Nb6 1-0

[Event "XV MIEDZYNARODOWY FESTIWAL SZACHOWY PERLA BALTYKU - GRUPA A"]
[Site "LAZY"]
[Date "1899-12-30"]
[Round "6.5"]
[White "Hasinski, Krystian"]
[Black "Betkowski, Andrzej"]
[Result "1/2-1/2"]
[WhiteTitle "I++"]
[BlackTitle "k"]
[WhiteElo "1836"]
[BlackElo "2038"]

1. c4 f5 2. Nc3 Nf6 3. d4 g6 4. g3 Bg7 5. Bg2 O-O 6. Bg5 d6 7. Qd2 c6 8. Bh6 e5
9. Bxg7 Kxg7 10. O-O-O e4 11. h4 d5 12. cxd5 cxd5 13. Nh3 Be6 14. Nf4 Bf7 15.
Bh3 h5 16. Kb1 Nc6 17. f3 exf3 18. exf3 Na5 19. Bf1 a6 20. Be2 b5 21. Rc1 Nc4
22. Qd3 Rb8 23. b3 Re8 24. Ka1 Re3 25. Qc2 Nb6 26. Nd1 Re7 27. Nb2 Rc8 28. Qd2
Rec7 29. Nbd3 Nbd7 30. Kb2 Rxc1 31. Rxc1 Rxc1 32. Qxc1 Qb6 33. Nc5 Nb8 34. Qe3
Qd6 35. Bd3 Nc6 36. Nxa6 Nxd4 37. Qxd4 Qxa6 38. Qc5 Nd7 39. Qxb5 Qa7 40. Qb4 Qf2+
41. Ne2 Ne5 42. Bb5 Nxf3 43. Qc3+ d4 44. Qd3 Bd5 45. Ka3 Be4 46. Qc4 d3 47. Qc7+
Kf6 48. Qd6+ Kf7 49. Bc4+ Ke8 50. Qxg6+ Kd7 51. Qe6+ Kc7 52. Qe7+ Kc6 53. Qf6+
Kc7 54. Qe7+ Kc6 55. Qf6+ Kc7 56. Qg7+ Kc6 57. Nc3 Qc5+ 58. Ka4 d2 59. Qf6+ Kc7
60. Qf7+ Kd8 61. Qg8+ Kc7 62. Qf7+ Kd8 63. Qf6+ Kc7 1/2-1/2